Brawl Stars Esport Teams 2025 #2 - Statistics

General Stats
  • This quiz has been taken 23 times
  • The average score is 12 of 16
Answer Stats
Picture Answer % Correct
Crazy Raccoon
100%
Natus Vincere
100%
STMN Esports
100%
Totem Esports
100%
BC* Gaming
96%
Papara SuperMassive
83%
Inner Circle Esports
78%
Rival Esports
78%
XPERION NXT
74%
Young Blood
74%
Casa Brawl E-Sports
70%
Chapter of Happiness
70%
Toxic Lotus
70%
裁決LOR
65%
Revenant XSpark
61%
UPCore Esports
22%
No matching quizzes found
Score Distribution
Percent of People with Each Score
Percentile by Number Answered
Your Score History
You have not taken this quiz